[Event "EU-Cup 31st"]
[Site "Skopje"]
[Date "2015.10.20"]
[Round "3.1"]
[White "Kramnik, Vladimir"]
[Black "Nepomniachtchi, Ian"]
[Result "1-0"]
[WhiteElo "2777"]
[BlackElo "2705"]
[Annotator "Krasenkow,M"]
[PlyCount "97"]
[EventDate "2015.10.18"]
[EventType "team-swiss"]
[EventRounds "7"]
[EventCountry "MKD"]
[SourceTitle "CBM 169"]
[Source "ChessBase"]
[SourceDate "2015.11.10"]
[SourceVersion "1"]
[SourceVersionDate "2015.11.10"]
[SourceQuality "1"]
[WhiteTeam "Siberia"]
[BlackTeam "SHSM Legacy"]
[WhiteTeamCountry "RUS"]
[BlackTeamCountry "RUS"]

1. d4 Nf6 2. Nf3 g6 3. g3 Bg7 4. Bg2 d5 5. O-O O-O 6. c3 (6. b3 $6 c5 $1 {
(with reversed colours) has been seen in a number of games.} 7. c3 $6 Ne4 {
happened, e.g., in the following encounters:} 8. Bb2 Nc6 9. Nbd2 Qa5 10. Nxe4
dxe4 11. Nd2 (11. Ne5 $6 Nxe5 12. dxe5 Bf5 13. c4 Qc7 14. f4 exf3 15. Bxf3 Rad8
16. Qe1 b6 17. Qc3 Rd4 18. Kh1 Bxe5 $19 {0-1 (54) Doan,T (1994)-Dang,B (2228)
Da Lat 2014}) (11. Ne1 cxd4 12. cxd4 Rd8 (12... Nxd4 13. Bxd4 Rd8 14. Nc2 Bxd4
15. Nxd4 e5 16. Qb1 Rxd4 {1/2 (39) Petran,P (2311)-Saric,A (2565) Split 2013}
17. e3 Rd2 18. Qxe4 $11) 13. e3 e5 $36) 11... cxd4 12. cxd4 Nxd4 13. Nc4 Qc5
14. e3 (14. Bxe4 Bg4 $15 {0-1 (62) Alonso Alvarez,A-Sion Castro,M (2423)
Benasque 1999}) 14... Nc6 15. Bxg7 Kxg7 16. Bxe4 $11) 6... b6 {Black's attempt
to break the symmetry meets an unexpected response.} 7. c4 $5 c6 {There are
more logical moves:} (7... e6) (7... Bb7 {(after 6.b3 c5 White usually plays 7.
e3 or 7.Bb2 keeping an option to push c2-c4.}) 8. Ne5 Bb7 9. Nc3 Nbd7 10. Qa4
Nxe5 11. dxe5 Ne4 $6 {Ian Nepomniachtchi repeats the inaccuracy committed by
the Vietnamese player (see above with reversed colous).} (11... Nd7 $142) 12.
Nxe4 dxe4 13. Bf4 e3 {This "improvement" doesn't help him too much as his
b7-bishop finds itself encarcerated.} (13... c5 14. Qc2 {- see Doan-Dang above.
}) 14. Bxe3 Bxe5 $14 {[%csl Rb7]} 15. Rad1 (15. Rab1 {is more accurate. The
humble b2-pawn is important.}) 15... Qc7 16. c5 {[%csl Rb7][%mdl 32]} (16. b3
$5) (16. Rd2 $5 Rfd8 17. Rxd8+ Rxd8 18. Qxa7 Ra8 19. Qxb6 Qxb6 20. Bxb6 Bxb2
21. Bc5 $14) 16... Bxb2 17. Qb3 Bf6 18. cxb6 axb6 19. Bxb6 Qc8 20. Rc1 Qg4 21.
Rc2 Ra6 22. Bf3 Qa4 23. Qxa4 Rxa4 {White has an outside passed pawn but at the
moment it is rather weak so his advantage is not yet decisive.} 24. Rd1 (24.
Rb1 $1 {[%cal Yb6c5] looks stronger.}) 24... Ba8 $2 {Passivity is hopeless
here.} (24... Ra6 $142 $1 25. Be3 (25. Rb1 Bc8 $1 26. Bxc6 $140 Be6 27. a4 Rb8
28. a5 Rxa5) 25... Bc8 $1 {[%cal Yc8e6] activating the bishop, e.g.} 26. Rdd2
Bh3 $1 27. Rxc6 Rb8 28. Rc1 Be6 {with a probable draw.}) 25. Bc5 Rb8 26. a3 e5
27. e3 e4 28. Be2 Rb7 29. Rc4 Rxc4 30. Bxc4 Kg7 31. a4 {The pawn moves forward
and becomes White's main trump.} Be7 32. Bxe7 Rxe7 33. a5 f5 34. Rd8 Ra7 35. a6
Kf6 36. Re8 c5 37. Kf1 Kg7 38. Ke2 Bc6 39. Rc8 Bd7 40. Rg8+ Kh6 41. Rb8 Bc6 42.
Rb6 Ba8 43. Bb5 Rc7 44. Kd2 Rc8 45. Kc3 Kg5 46. h3 h5 47. Kc4 h4 48. Re6 hxg3
49. fxg3 1-0

[Event "Qatar Masters op"]
[Site "Doha"]
[Date "2015.12.24"]
[Round "5"]
[White "Matlakov, Maxim"]
[Black "Kramnik, Vladimir"]
[Result "0-1"]
[WhiteElo "2684"]
[BlackElo "2796"]
[Annotator "Sagar Shah/CB Website"]
[PlyCount "146"]
[EventDate "2015.12.20"]
[EventType "swiss"]
[EventRounds "9"]
[EventCountry "QAT"]
[SourceTitle "CBM 170"]
[Source "ChessBase"]
[SourceDate "2016.01.15"]
[SourceVersion "1"]
[SourceVersionDate "2016.01.15"]
[SourceQuality "1"]

1. d4 Nf6 2. c4 e6 3. Nf3 d5 4. Nc3 Be7 5. Bg5 h6 6. Bh4 O-O 7. e3 Nbd7 8. Rc1
c5 9. dxc5 dxc4 10. Bxc4 Nxc5 11. O-O a6 12. Nd4 Nfe4 13. Bxe7 Qxe7 14. Qc2
Nxc3 15. Qxc3 Na4 16. Qc2 Bd7 17. b3 Nb6 18. Be2 Rac8 19. Qe4 Nd5 20. Bd3 f5
21. Qe5 Nc3 22. Nc6 Rxc6 23. Rxc3 Rxc3 24. Qxc3 Rc8 25. Qd2 Rd8 26. Qe2 Bc6 27.
a4 Qg5 28. f3 Rd6 29. Rd1 Kf7 30. Bc2 Rxd1+ 31. Bxd1 {First of all if you want
to learn how to create something from nothing, to squeeze water from a stone,
you must study this game carefully from this point onwards. The position is
very drawish and it is not clear why any side should be better but Kramnik
makes use of his trumps excellently.} f4 $5 {A very counter-intuitive move.
This spoils the structure and isolates the e6 pawn. But there are some upsides
to it too. It White replies e4, all his pawns are fixed on light squares and
if he takes on f4 as in the game then the d5 square is a fixed outpost for the
light squared bishop. Of course it is not much but there is some progress!} 32.
exf4 Qxf4 33. Qd3 Qe5 34. h3 (34. Kf2 Qxh2 $17) (34. g3 {It might be
positionally desirable, to place your pawns on the opposite colour from your
bishop but after} Qb2 {there will always be some problems with the f3 or the
b3 pawns although} 35. Bc2 {might hold out here.}) 34... Ke7 {A micro edge
that Black has in this position is that his king is much more active than
White's king. It is a joy to see how Kramnik makes use of that imbalance. And
also the a4- and b3-pawns are currently on light squares, and so are f3-g2-h3.
Vladimir fixes them so that they will remain targets for his bishop.} 35. Bc2
Qc5+ 36. Kh1 a5 {The b3-pawn is fixed forever. Something to nibble at!} 37. Qd2
(37. Qg6 Qc3 $15) 37... Qe5 38. Bd3 Qa1+ 39. Kh2 Qd4 {Not allowing Bc4 at
least for the time being.} 40. Qc2 Kd6 41. Bc4 {White has been able to
activate his bishop and it stands wonderfully on c4. The position should be
equal now.} Be8 42. Kh1 h5 $1 {The h-pawn threatens to go to h4 to fix more
pawns.} 43. Qc1 Bd7 44. Qa3+ Kc7 45. Qc1 Kd6 46. Qa3+ Kc7 47. Qc1 Kb6 $1 {
No draw!} 48. Qc2 h4 49. Bd3 Bc6 50. Be4 Bd5 $1 {A curious situation: if the
bishop is taken it gives Black a passed pawn and if it is not then there is
constant pressure on the b3 pawn. It's quite a confusing situation for
Matlakov. Besides that his king is caged in on h1.} 51. Kh2 (51. Qc8 $5 Bxe4
52. fxe4 Qxe4 53. Qd8+ {leads to a draw by perpetual.} Kc5 54. Qxa5+ Kd4 {
This is similar to the game, but the pawn is on e6 and not on d5 and this
increases the drawing chances for White.}) 51... Qe3 52. Bxd5 Qe5+ 53. Kh1 exd5
54. Qc8 Qe1+ 55. Kh2 Qe5+ 56. Kh1 Qd6 57. Qe8 Kc5 $1 {A bold decision, playing
for a win. You can see how this position is a picture of complete victory for
Black's play, how he made use of all the imbalances to his favour while White
did not. The king is active on c5 and the white pawns have been fixed by a5
and h4. The margin of error is very small here. Only one move gives equality
and Matlakov wasn't able to find it.} (57... d4 58. Qb5+ Ka7 59. Qxa5+ Kb8 60.
Qd2 $11) 58. Qb5+ $6 (58. Qe1 $1 {Stopping the march of the black king was the
only way to draw.}) 58... Kd4 59. Qxa5 Kd3 $17 {The d-pawn shepherded by the
king and the queen will spell White's doom.} 60. Qb5+ Kc3 61. Qa5+ Kc2 62. Qe1
d4 (62... Qf4 {might have been more accurate as after} 63. Qf2+ Qd2 64. Qc5+
Kb2 $19 {There are no more checks and the d-pawn starts running down.}) 63.
Qe2+ Kxb3 64. Qd1+ Kb4 65. Qb1+ Kxa4 66. Qxb7 d3 67. Qb2 d2 68. Qa2+ Kb5 69.
Qb2+ Qb4 70. Qc2 (70. Qe5+ Kc4 71. Qe4+ Kc3 72. Qe3+ Kc2 $19) 70... Qd4 71.
Qb3+ Kc5 72. Qc2+ Kb4 73. Qd1 Qb2 {A beautiful technical grind by the ex-World
Champion.} 0-1

[Event "Qatar Masters op"]
[Site "Doha"]
[Date "2015.12.28"]
[Round "8"]
[White "Kramnik, Vladimir"]
[Black "Sjugirov, Sanan"]
[Result "1-0"]
[WhiteElo "2796"]
[BlackElo "2646"]
[Annotator "Sagar Shah/CB Website"]
[PlyCount "111"]
[EventDate "2015.12.20"]
[EventType "swiss"]
[EventRounds "9"]
[EventCountry "QAT"]
[SourceTitle "CBM 170"]
[Source "ChessBase"]
[SourceDate "2016.01.15"]
[SourceVersion "1"]
[SourceVersionDate "2016.01.15"]
[SourceQuality "1"]

1. Nf3 d5 2. d4 Nf6 3. Bf4 c5 4. e3 Nc6 5. Nbd2 cxd4 6. exd4 Bf5 7. c3 e6 8.
Qb3 Qc8 9. Nh4 $1 {At the first possible opportunity Kramnik goes ahead to
create an imbalance. Once he achieves that he will have a much easier task in
outplaying his opponent.} Bg6 (9... Be4 $5 10. f3 Bg6 11. Nxg6 hxg6 {should
have been considered. The move f3 doesn't do anything constructive for White's
position.}) 10. Nxg6 hxg6 11. Bd3 Nh5 12. Be3 Bd6 13. O-O-O a6 14. Kb1 b5 15.
Qc2 Na5 (15... Nf4 16. Bf1) 16. Nf3 Nc4 17. Bc1 $1 {First this bishop retreats
to its initial square and after a few moves the other one also retreats!} Qc7
18. Ng5 Nf4 19. Bf1 $1 {Quite a picturesque position. Both bishops on their
initial squares.} O-O-O $6 {A bad decision by Sanan whose king is not at all
safe on the queenside. Kramnik must have been glad to see the sight of 0-0-0.}
20. a4 Qb7 21. axb5 axb5 22. b3 Na5 (22... Na3+ 23. Bxa3 Bxa3 24. g3 Nh5 25. b4
$16 {and the bishop on a3 has come too far from home.}) 23. Qa2 Nc6 24. g3 Nh5
25. Bd3 Kb8 26. Qe2 Na7 27. Bd2 Rc8 28. Kb2 Rc6 29. Ra1 Rf8 30. Ra2 Ra6 31.
Rxa6 Qxa6 32. Ra1 {By methodical play Kramnik has got everything in his favour.
The bishops are wonderful defenders and at the same time attacking the black
queenside and the rook has controlled the open a-file.} Qb7 33. b4 Nf6 34. Ra5
Bc7 35. Bf4 Bxf4 36. gxf4 Qc7 37. Bxb5 Qxf4 38. Nf3 Ne4 39. Ne5 {The knight,
bishop, rook, and queen will launch a deadly attack against the black king.}
Rh8 40. Nc6+ Nxc6 41. Bxc6 Nxc3 $5 {A desperate attempt to complicate the
position. But Kramnik is alert and up to the mark.} 42. Kxc3 Rh3+ 43. Kc2 Qxd4
44. Qb5+ Kc7 45. Qb7+ Kd6 46. Qb8+ (46. Rxd5+ $1 exd5 47. Qd7+ Ke5 48. Qxh3 $18
{was another way to win.}) 46... Ke7 47. Qa7+ Qxa7 48. Rxa7+ Kd6 49. Ba4 Rh4 (
49... Rxh2 50. Rd7+ Ke5 51. Rxf7 $18) 50. Kb3 Rh3+ 51. Kb2 Rh4 (51... e5 52.
Rxf7 Rxh2 53. Kc3 Ke6 54. Rxg7 Rxf2 55. Rxg6+ Kf5 56. Rd6 $18) 52. Rd7+ Ke5 53.
Ka3 Kd4 54. Rxf7 Rxh2 55. b5 Kc5 56. Rc7+ {A great game by Vladimir but it
must be said that Sanan made his task considerably easier when he castled long.
} 1-0

[Event "Zuerich Chess Challenge Rapid 5th"]
[Site "Zuerich"]
[Date "2016.02.14"]
[Round "4"]
[White "Kramnik, Vladimir"]
[Black "Giri, Anish"]
[Result "1-0"]
[WhiteElo "2801"]
[BlackElo "2798"]
[Annotator "Mekhitarian,K"]
[PlyCount "91"]
[EventDate "2016.02.13"]
[EventType "tourn (rapid)"]
[EventRounds "5"]
[EventCountry "SUI"]
[EventCategory "21"]
[SourceTitle "CBM 171"]
[Source "ChessBase"]
[SourceDate "2016.03.14"]
[SourceVersion "2"]
[SourceVersionDate "2016.03.14"]
[SourceQuality "1"]

{Usually top-level chess does impress me a lot. Not only the preparation, but
mainly the depth, accuracy and energy that they show in every single game.
What impresses me even more, is masterpieces being played in rapid chess games.
In the Zurich Chess Challenge 2016, the time control was 40 minutes with a 10
second increment, apparently enough time for a genius like Kramnik to create
such a beautiful strategic win against one of the toughest opponents on the
circuit today, the current number 4 in the world, Anish Giri.} 1. Nf3 d5 2. g3
g6 3. Bg2 Bg7 4. d4 c6 5. O-O Nf6 6. b3 $5 {As a Grünfeld player myself, I
totally understand and approve of this setup - White simply wants to develop
and go for a long positional game, keeping all the pieces on the board, and
avoiding early contact.} O-O 7. Bb2 Bf5 {The most typical setup, Black usually
plays ...a5 to create some play on the queenside, and also ...Ne4 (mostly when
White plays Nc3), in order to exchange a piece with Nxc3, and try to play ...
Be4. This plan is important, because the black light-squared bishop could
eventually look weird on f5 (White could play Nh4 if the e4-square is
controlled by a white knight on d2 or c3, and then play e4, if play retreats
the bishop to e6, let's say).} 8. c4 a5 9. Nc3 Ne4 10. cxd5 Nxc3 11. Bxc3 cxd5
{Now Black wants to play ...Ne4.} 12. Ne5 $5 Nc6 (12... Be4 {was in fact
playable, but I feel like White is supposed to have a small advantage always,
since the knight on b8 looks slightly weird and Black's queenside is somewhat
weakened.} 13. Bxe4 (13. Bh3 $5 {threatening f3} Qb6 {avoiding f3 because of ..
.Bxe5} 14. e3 $14) 13... dxe4 14. Rc1 {threatening d5} (14. d5 $2 Qc7 $1 $19 {
oops, winning a piece}) 14... Qd5 15. Nc4 Nd7 16. Ne3 $14 {followed by d5,
looks good for White.}) 13. Qd2 {White basically wants to play Rac1 and build
up pressure on the queenside. It's not that simple to play as Black, because
taking on e5 (...Nxe5) or allowing Nxc6 has its problems. I feel that Giri
made a good choice here.} a4 (13... Nxe5 $6 14. dxe5 $14 {and it's hard to
defend d5 (14...e6 looks very ugly).}) (13... Qd6 $5 14. Nxc6 bxc6 15. e3 $11 {
/+/= , is similar to the game and it looks somewhat preferable for White
already} (15. Bxa5 $6 Bxd4 $1 $13)) 14. Nxc6 bxc6 15. b4 Bc8 (15... a3 $1 {
possibly was Giri's best chance in the game. This makes it hard for White to
move the c3-bishop after Rac1 (Black could play ...Qb6 and Rab8, for example)}
16. f3 {doesn't look too threatening, now the transfer to the other diagonal
with Bc8 and Ba6 should be good} Bc8 17. Rfd1 (17. e4 {It is too early for
this. White had better prepare it with Rfd1 and Rac1} dxe4 18. fxe4 e5 19. d5
cxd5 20. exd5 $13 {now both Ba6 or Bf5 followed by Qd6 seem to be interesting
for Black, with an unclear position}) 17... Ba6 18. Rac1 Qb6 19. e3 Rab8 $13 {
the position remains unclear, but it looks better than in the game, where
White started to build an advantage and gradually improved it.}) 16. e4 $1 Ba6
17. Rfe1 dxe4 {e4-e5 should not be allowed.} 18. Bxe4 Bb5 19. Rac1 (19. a3 $5 {
It feels like this was better to avoid ...a3 once for all.}) 19... e6 (19... a3
$5 {threatening to play e6 and reach the same position as in the game, with
the difference that now White's b4 could be a possible target. White could try
and act now, but apparently Black holds with some precise moves.} 20. d5 $5
Bxc3 21. Rxc3 Qd6 $1 {threatening e6} 22. g4 $5 {threatening Rh3} (22. Rc5 e6
23. Qc3 exd5 24. Bxd5 cxd5 25. Rxb5 d4 $11 {should be equal}) 22... e6 (22...
cxd5 $5 23. Rh3 Qf6 24. Bxd5 Rad8 25. Qh6 Qg7 26. Qg5 Qf6 $11 {is at least
fine for Black}) 23. Rh3 Ra7 $1 24. Qe3 Rc7 $11 {and everything is in order
for now.}) 20. a3 $1 Qd6 (20... Qb6 $5 {was another possible plan, followed by
Rad8-Rd6 and Rfd8, creating stronger counterplay against d4.}) 21. Bb2 Rfd8 22.
Red1 Rac8 (22... e5 $2 {Black is not ready for this fight} 23. d5 $1 f5 24. Bg2
e4 25. Bxg7 Kxg7 26. Rc5 $16) 23. Rc5 Qb8 24. Rdc1 Qb7 25. Qg5 h6 26. Qf4 Qd7
27. Bf3 {White has been able to create a nice positional grip, but the next
step was not clear, possibly h4-h5 (and if Black plays ...h5, then maybe g4!?
- taking advantage of the fact that Black's light-squared bishop is out of
play on b5).} g5 $2 {This was not necessary at all, Black's king starts to
suffer a lot from now on.} 28. Qe3 Rc7 (28... Bf8 $2 29. d5 $1 Bxc5 30. Qe5 f6
31. Qxf6 Qh7 {White has many winning moves now} 32. Qxe6+ Qf7 33. Qxh6 Qh7 34.
Qxg5+ Kf8 35. bxc5 $18) 29. Qc3 Rdc8 30. Be4 Qd6 31. Bb1 Kf8 32. Qc2 $6 Ke7 $2
(32... Bxd4 $5 {good or bad, Black had to accept the challenge to try
something. It was hard to keep on playing while having to watch out for d5 all
the time (and it eventually happened)} 33. Rd1 (33. Re1 $5 {A truly original
computer move. It is basically suggesting that Black has no good moves at his
disposal, which is extremely bizarre with so many pieces in play} Bxc5 (33...
e5 $2 34. Rcxe5 $1 Bxb2 (34... Bxe5 35. Bxe5 $18 {is an easy win after Qh7})
35. Qxb2 $18 {with the deadly threat of Re8+ followed by Qh8#}) (33... Bxb2 $2
34. Qxb2 $18 {with decisive invasions on the kingside}) (33... Ba6 $5 $13 {
probably the only move that holds together the position - that still remains
highly complex, and I would be happy to evaluate it as unclear}) 34. bxc5 Qe7
35. Qh7 Ke8 36. Qxh6 (36. Qg8+ Qf8 37. Rxe6+ fxe6 38. Qxe6+ Qe7 39. Qg8+ {
is just a draw} Qf8 40. Qe6+ Qe7 $11) 36... Qxc5 37. Ba2 $40 {looks very
dangerous for Black}) 33... e5 34. Rxe5 (34. Qh7 Qf6 35. Bxd4 exd4 36. Rf5 $2
Qg7 37. Qxg7+ Kxg7 38. Rxd4 c5 $1 $17 {and suddenly Black gets the initiative,
because of the weak a3-pawn}) 34... c5 $1 35. Rde1 $1 {threatening Qh7} (35.
Rxc5 Rxc5 36. bxc5 Qxc5 37. Qf5 Qxf5 $1 (37... Bxb2 {allows} 38. Rd8+ $1 {
but after} Ke7 39. Qxc8 Qxc8 40. Rxc8 Bxa3 $14 {This should be a draw after ...
Bd6 and ...a3 (and Be8, if needed, to defend f7)}) 38. Bxf5 Rc5 $1 $11) 35...
Qf6 36. Bxd4 cxd4 37. Qd2 $36 {and White retains the initiative.}) 33. Re1 Kf8
(33... Rb8 $5 {To defend the b5-bishop and answer 34.d5 with ...Bxb2 35.Qxb2
cxd5!} 34. Qh7 Kf8 35. Bc3 {planning d5 at some point} Rbc8 36. Ba2 {This has
to be very bad for Black, but there is still some play.}) 34. d5 $1 {Now the
all the lines are open, and the pressure becomes irresistible, White is
winning by force.} e5 {Forced, because} (34... Bxb2 35. Qxb2 {with a winning
position, since 35...cxd5 loses the bishop, and...} exd5 36. Qh8#) (34... exd5
35. Bxg7+ Kxg7 36. Qh7+ Kf8 37. Qh8#) (34... cxd5 35. Bxg7+ Kxg7 36. Qh7+ Kf8
37. Qxh6+ Ke8 38. Rxb5 $18) 35. Rc1 Bf6 36. Qf5 Bg7 37. dxc6 Bxc6 38. Qc2 Qe6
39. Qf5 Qd6 {I want to remind you that this is a rapid game, so all the missed
chances deserve much more compassion than usual. Now Kramnik makes a mistake
and gets close to wasting an impeccable game. Chess is very hard!} 40. Ba2 $2 {
Allowing Black to survive.} (40. Qd3 $1 Qe7 (40... Ke7 41. Qc4 Rd7 42. Be4 Bxe4
43. Rxc8 $18) 41. Qc3 $18 {and Black collapses.}) 40... Be8 $1 41. Qxc8 (41.
Rxc7 Rxc7 42. Rxc7 Qxc7 43. Qe4 $14 {White still would have the better chances
in the endgame, with the better king, and the better pawn structure.}) 41...
Rxc8 42. Rxc8 Qd2 $2 (42... e4 $1 {was a golden chance to keep the game
balanced, since 43.R1c7 doesn't work now} 43. Bxg7+ (43. R1c7 Qd1+ $1 44. Kg2
Qf3+ {this is the key, now the e4-pawn supports the perpetual check, forcing a
draw} 45. Kg1 Qd1+ 46. Kg2 $11) 43... Kxg7 44. Rxe8 {apparently wins a piece,
but} Qd2 $1 45. Ra1 Qb2 46. Re1 Qxa2 {and despite White's strong passed pawn
on b4, it is hard to defend the a3-weakness, since Black has f5-f4 coming as
well} 47. R8xe4 {seems to be the only chance} (47. Re3 f5 $1 $132) 47... Qxa3
48. b5 Qb3 49. Ra1 a3 50. Re3 Qxb5 51. Rexa3 $14 {Leko,P (2741)-Kramnik,V 
(2770) World Championship 2004 (1) 0-1 From what I knew, this was supposed to
be a draw, but it's funny that the very Kramnik won this exact endgame with
the rooks against Peter Leko, on the 1st game of their 2004 World Championship
match (another reference is Landa,K (2613) - Kornev,A (2511) RUS-ch Higher
League 64th Taganrog 2011):}) 43. R1c7 $1 $18 {And the game is over.} Qxb2 44.
Rxf7+ Kg8 45. Rxe8+ Kh7 46. Bd5 1-0

[Event "Norway Masters blitz 4th"]
[Site "Stavanger"]
[Date "2016.04.18"]
[Round "2"]
[White "Kramnik, Vladimir"]
[Black "Aronian, Levon"]
[Result "1/2-1/2"]
[WhiteElo "2801"]
[BlackElo "2784"]
[PlyCount "64"]
[EventDate "2016.04.18"]
[EventType "tourn (blitz)"]
[EventRounds "9"]
[EventCountry "NOR"]
[EventCategory "21"]
[SourceTitle "CBM 171 Extra"]
[Source "ChessBase"]
[SourceDate "2016.04.26"]
[SourceVersion "1"]
[SourceVersionDate "2016.04.26"]
[SourceQuality "1"]

1. d4 Nf6 2. Nf3 d5 3. Bg5 c5 4. e3 Nc6 5. dxc5 e6 6. Bd3 Bxc5 7. Nbd2 Be7 8.
O-O O-O 9. c4 h6 10. Bh4 b6 11. Rc1 Bb7 12. a3 dxc4 13. Nxc4 b5 14. Nce5 Nxe5
15. Nxe5 Qd5 16. Qf3 Qxf3 17. Nxf3 Bxf3 18. gxf3 a6 19. Rc7 Bd6 20. Rc6 Be5 21.
b3 Rfd8 22. Rd1 g5 23. Bg3 Bxg3 24. hxg3 Kg7 25. Kf1 Nd5 26. Ke2 b4 27. axb4
Nxb4 28. Rc4 Nxd3 29. Rxd3 Rxd3 30. Kxd3 Rb8 31. b4 Rb5 32. f4 a5 1/2-1/2